000 01112nam a22002657a 4500
003 OSt
005 20251017171258.0
008 240201b ||||| |||| 00| 0 eng d
040 _c0
082 _aDPer 621.317 Ie21 January 2022 v. 37 n. 1
100 _aLi, Bingyang.
_eauthor.
_951107
245 _aA compact double-sided cooling 650V/30A GaN power module with low parasitic parameters /
_cBingyang Li, Xu Yang, Kangping Wang, Hongkeng Zhu, Laili Wang, and Wenjie Chen.
260 _aNew York ;
_bThe Institute of Electrical and Electronics Engineers, Inc. ,
_cJanuary 2022.
300 _aVolume 37, pages 426-439 :
_billustration ;
_c28 cm.
500 _aIEEE Transactions on Power Electronics, v. 37 n. 1, pages 426-439, January 2022.
650 0 _aCapacitance.
_965804
650 0 _aDouble-sided cooling.
_965805
650 0 _aMultichip modules.
_965806
700 _aLi, Bingyang.
_eauthor.
_951107
700 _aWang, Kangping.
_eauthor.
_951108
700 _aZhu, Hongkeng.
_eauthor.
_951109
700 _aWang, Laili.
_eauthor.
_951110
700 _aChen, Wenjie.
_eauthor.
_951111
942 _2ddc
_cPER
999 _c18855
_d18855